La soledad mística y existencialista de San Juan de la Cruz / (Record no. 172132)

MARC details
000 -LEADER
campo de control de longitud fija 00626nam a22001815i 4500
001 - NÚMERO DE CONTROL
campo de control 172132
003 - IDENTIFICADOR DE NÚMERO DE CONTROL
campo de control ES-MaACL
005 - FECHA Y HORA DE LA ÚLTIMA TRANSACCIÓN
campo de control 20251212171855.0
008 - DATOS DE LONGITUD FIJA--INFORMACIÓN GENERAL
campo de control de longitud fija 090616s1952 sp |||| | spa d
080 ## - NÚMERO DE LA CLASIFICACIÓN DECIMAL UNIVERSAL
Número de la Clasificación Decimal Universal 248.2 Juan de la Cruz, San
100 1# - ENTRADA PRINCIPAL--NOMBRE DE PERSONA
Nombre de persona Sobrino, José A. de.
9 (RLIN) 140559
245 13 - MENCIÓN DEL TÍTULO
Título La soledad mística y existencialista de San Juan de la Cruz /
Mención de responsabilidad, etc. por José Antonio de Sobrino.
260 ## - PUBLICACIÓN, DISTRIBUCIÓN, ETC.
Lugar de publicación, distribución, etc. Madrid :
Nombre del editor, distribuidor, etc. [s.n.],
Fecha de publicación, distribución, etc. 1952 (
Fabricante Imp. Sucs. Rivadeneyra)
300 ## - DESCRIPCIÓN FÍSICA
Extensión 63 p. ;
Dimensiones 20 cm.
600 04 - PUNTO DE ACCESO ADICIONAL DE MATERIA--NOMBRE DE PERSONA
Nombre de persona Juan de la Cruz,
Títulos y otros términos asociados al nombre Santo,
Fechas asociadas al nombre 1542-1591
9 (RLIN) 67110
852 ## - LOCALIZACIÓN
Ubicación ES-MaACL
Número de control de estantería 1935-F-3
itemnumber R.32328
Holdings
Estatus retirado Estado de pérdida Estado de daño No para préstamo Colección Biblioteca de origen Biblioteca actual Ubicación en estantería Fecha de adquisición Fuente de adquisición Total de préstamos Signatura topográfica completa Código de barras Visto por última vez Precio de reemplazo Tipo de ítem Koha
        Colección de folletos Biblioteca del Ateneo de Madrid Biblioteca del Ateneo de Madrid Depósito folletos 16/06/2009     1935-F-3 1180639 23/02/2023 23/02/2023 Folleto